| 000 | 00549nam a22001697a 4500 | ||
|---|---|---|---|
| 999 |
_c60662 _d60662 |
||
| 005 | 20231004151250.0 | ||
| 008 | 231004s1975 fr ||||| |||| 00| 0 fre d | ||
| 041 | _afre | ||
| 080 | _a912(084.4) G-72 | ||
| 245 |
_aGrand atlas mondial / _cRed. : Frank Debenham, Henry Gossot. |
||
| 264 |
_aPariz, _c1975. |
||
| 300 |
_a248 p.: _bill.; _c40 cm. |
||
| 653 | _aმსოფლიო ატლასი | ||
| 700 |
_aDebenham, Frank _919992 _eრედაქტორი |
||
| 700 |
_aGossot, Henry _eრედაქტორი _919992 |
||
| 942 |
_2udc _cBK |
||